| 000 | 00590nam a2200205Ia 4500 | ||
|---|---|---|---|
| 001 | 9547 | ||
| 003 | IVS | ||
| 005 | 20250626030233.0 | ||
| 008 | 211022s9999 xx 000 0 und d | ||
| 040 | _cIVS | ||
| 082 | _a729 SON | ||
| 100 | _aSonia Durrani | ||
| 245 | 0 | _aThree dimensional experience of a painting - spatial representation of a painting | |
| 260 | _aKarachi | ||
| 260 | _bIndus Valley School of Art & Architecture | ||
| 260 | _c2009 | ||
| 300 | _a87 | ||
| 856 | _uhttps://drive.google.com/file/d/1z5T_S3Ga_s1dx3Vdl2m57qgRNagJGl7I/view?usp=sharing | ||
| 942 |
_cDISS _n0 _2ddc |
||
| 999 |
_c8706 _d8706 |
||